| 000 | 00847nam a2200217 i 4500 | ||
|---|---|---|---|
| 001 | 41979 | ||
| 003 | ES-MaACL | ||
| 005 | 20231229063013.0 | ||
| 007 | t| | ||
| 008 | 030312s1915 sp ||||1| spa d | ||
| 100 | 1 |
_aCastán Tobeñas, José, _d1889-1969 _936392 |
|
| 245 | 1 | 3 |
_aLa sucesión del cónyuge viudo y el problema de las legislaciones forales / _cpor José Castán. |
| 260 |
_aMadrid : _bHijos de Reus, _c1915. |
||
| 300 |
_a88 p. ; _c23 cm. |
||
| 490 | 1 |
_aBiblioteca de la "Revista general de Legislación y Jurisprudencia" ; _v5 |
|
| 650 | 4 |
_aSucesión del cónyuge viudo- _zEspaña. _9155631 |
|
| 650 |
_aFueros- _zEspaña. _912991 |
||
| 830 | 0 |
_aBiblioteca de la "Revista general de Legislación y Jurisprudencia" ; _v5 _9182870 |
|
| 852 |
_aES-MaACL _jT-1467-F-1 _z.- Ded. manuscrita del autor al Ateneo |
||
| 999 |
_c41979 _d41979 |
||